Billy Joel Lyrics Quiz (Part 18) - Statistics

General Stats
  • This quiz has been taken 49 times
  • The average score is 77 of 142
Answer Stats
Answer % Correct
A
100%
a
100%
I
98%
The
98%
the
98%
you
84%
You
84%
And
81%
it
79%
me
79%
Is
70%
your
70%
be
67%
what
65%
so
63%
All
60%
all
60%
It’s
60%
it’s
60%
No,
60%
to
60%
But
58%
know
58%
time
58%
I’m
56%
with
56%
With
56%
You’re
53%
I’ll
51%
night
51%
Are
49%
have
49%
long
49%
long,
49%
From
47%
has
47%
that
47%
Oh,
44%
need
42%
Through
42%
way
42%
had
40%
here
40%
right
40%
should
40%
didn’t
37%
ago
35%
Sleep
30%
told
30%
broken
28%
start
28%
wait
28%
almost
26%
cost
26%
dark
26%
hearted
26%
hold
26%
Irish
26%
lost
26%
sad
26%
cold
23%
old
23%
tight
23%
bad
21%
dreams
21%
eyes
21%
late
21%
sleeping
21%
past
19%
silence
19%
sins
19%
warm
19%
bleed
16%
fears
16%
hands
16%
since
16%
soft
16%
tears
16%
shoulders
12%
trembling
12%
No matching quizzes found
Score Distribution
Percent of People with Each Score
Percentile by Number Answered
Your Score History
You have not taken this quiz